Statistics for Earthquake Prone Countries

Click here to take the quiz!

General Stats

  • This quiz has been taken 114 times
    (104 since last reset)
  • The average score is 31 of 55

Answer Stats

Country % Correct
Japan
99%
United States
94%
Indonesia
94%
Chile
93%
China
93%
Peru
89%
India
88%
Mexico
88%
Russia
86%
Italy
83%
Iran
80%
Turkey
79%
New Zealand
78%
Colombia
78%
Ecuador
78%
Pakistan
76%
Philippines
74%
Argentina
74%
Afghanistan
70%
Greece
69%
El Salvador
68%
Nicaragua
68%
Haiti
68%
Costa Rica
65%
Honduras
65%
Guatemala
64%
Iceland
53%
Albania
53%
Armenia
51%
Egypt
51%
Algeria
43%
Papua New Guinea
43%
Morocco
41%
Israel
40%
Kazakhstan
40%
Portugal
39%
Georgia
39%
Tajikistan
38%
Romania
38%
Croatia
36%
Serbia
36%
Bulgaria
35%
Timor-Leste
34%
Bosnia and Herzegovina
30%
Cyprus
30%
Tonga
29%
Solomon Islands
29%
Vanuatu
29%
Slovenia
29%
Austria
29%
Ethiopia
28%
Jordan
26%
Brunei
25%
Djibouti
13%
Burma
13%

Score Distribution

Percentile by Number Answered

Percent of People with Each Score

Your Score History

You have not taken this quiz since the last reset